Datum a čas kvízu
38.5
Celkem bodů
Celkový počet nahraných bodů na tomto kvízu bez doplňovacích otázek.
2.
Pořadí na kvízu
Konečné umístění týmu na tomto kvízu.
Zaznamenané odpovědi
| # | Otázka | Odpověď | Body | Výsledky |
|---|---|---|---|---|
| 1. | Liberecká pizzerie Pizzaman př... | (dubajská) čokoláda | 1 | |
| 2. | Cestující, kteří v úterý chtěl... | B) Švýcarsko | 0 | |
| 3. | 43letý šéfkuchař ukončil na vl... | Radek Kašpárek, Jan Punčochář | 1 | |
| 4. | Jedna evropská metropole pokra... | Paříž | 1 | |
| 5. | Letošní sezóna Formule 1 má za... | Red Bull | 1 | |
| 6. | Grónsko sice není zcela suveré... | .gl | 1 | |
| 7. | Pokud byste chtěli okusit jedn... | A | 1 | |
| 8. | Že je Grónsko největším ostrov... | C | 1 | |
| 9. | Které tvrzení o Grónsku je pra... | D | 1 | |
| 10. | Pod kterým písmenem je snímek... | D | 1 |